Countries with the Least Farmland - Statistics

General Stats
  • This quiz has been taken 1,020 times
    746 since last reset
  • The average score is 9 of 22
Answer Stats
Rank % of Land Area Answer % Correct
Vatican City
85%
Monaco
78%
12 5.82 Qatar
73%
10 4.57 United Arab Emirates
68%
2 0.95 Singapore
67%
11 4.74 Oman
66%
19 8.62 Kuwait
63%
20 8.73 Libya
49%
8 3.78 Egypt
46%
5 2.70 Norway
42%
6 2.73 Brunei
41%
15 7.43 Finland
41%
16 7.48 Sweden
40%
14 7.18 Canada
37%
7 3.25 Seychelles
27%
3 1.40 Bahamas
21%
1 0.53 Suriname
16%
18 8.52 Guyana
15%
4 2.63 Papua New Guinea
15%
17 8.15 Central African Republic
14%
9 3.86 Solomon Islands
14%
13 7.01 Belize
12%
No matching quizzes found
Score Distribution
Percent of People with Each Score
Percentile by Number Answered
Your Score History
You have not taken this quiz since the last reset